000 01299pam a2200325 a 4500
999 _c232840
_d232840
001 4960559
003 Nust
005 20180117090024.0
008 970226s1998 maua b 001 0 eng
010 _a 97001282
020 _a0070487782 (acidfree paper)
040 _aDLC
_cDLC
_dDLC
050 0 0 _aHB172
_b.P26 1998
082 0 0 _a338.5/2
_221
100 1 _aPashigian, B. Peter
_q(Bedros Peter)
245 1 0 _aPrice theory and applications /
_cB. Peter Pashigian.
250 _a2nd ed.
260 _aBoston, Mass. :
_bIrwin/McGraw-Hill,
_cc1998.
300 _axxii, 762 p. :
_bcol. ill. ;
_c25 cm.
500 _a"International edition"--T.p. verso.
504 _aIncludes bibliographical references and index.
650 0 _aMicroeconomics.
650 0 _aPrices.
856 4 2 _3Publisher description
_uhttp://www.loc.gov/catdir/description/mh022/97001282.html
856 4 1 _3Table of contents
_uhttp://www.loc.gov/catdir/toc/mh022/97001282.html
906 _a7
_bcbc
_corignew
_d1
_eocip
_f19
_gy-gencatlg
942 _2ddc
_cBK